| 000 | 007440000a22002410004500 | ||
|---|---|---|---|
| 003 | LK-CoMWRAF | ||
| 005 | 20231109151007.0 | ||
| 008 | 230817t1996 ||||| |||| 00| 0 eng d | ||
| 020 | _a8122004598 | ||
| 040 |
_aLK-CoMWRAF _dLK-CoMWRAF _eLK-CoMWRAF |
||
| 041 | _aeng | ||
| 082 |
_a307.1 _bASS |
||
| 245 |
_aAssessing participation: _ba debate from South Asia |
||
| 260 |
_aNew Delhi: _bKonrak, _c1996 |
||
| 300 |
_a viii, 288 p. ; 22 cm. _bBibliography and index included |
||
| 650 | _aRURAL DEVELOPMENT--Sri Lanka--Congresses | ||
| 650 | _aSri Lanka--Social conditions | ||
| 650 | _aSri Lanka--Politics and government | ||
| 700 |
_a Bastian, Sunil. _eed. |
||
| 700 |
_aBastian, Nicola _eed. |
||
| 710 | _aDuryog Nivaran | ||
| 942 | _cBK | ||
| 999 |
_c2455 _d2455 |
||